Contributions from the Department of Anatomy / (Record no. 1524)

MARC details
000 -LEADER
fixed length control field 02676cas a2200601 4500
001 - CONTROL NUMBER
control field data
005 - DATE AND TIME OF LATEST TRANSACTION
control field 20260322212104.0
008 - FIXED-LENGTH DATA ELEMENTS--GENERAL INFORMATION
fixed length control field data
010 ## - LIBRARY OF CONGRESS CONTROL NUMBER
LC control number 27027381
Canceled/invalid LC control number sn 88008116
019 ## -
-- 1246192001
-- 1246192001
022 0# - INTERNATIONAL STANDARD SERIAL NUMBER
International Standard Serial Number 1041-1364
Source 1
023 0# - CLUSTER ISSN
Cluster ISSN 1041-1364
Source 1
029 1# - OTHER SYSTEM CONTROL NUMBER (OCLC)
OCLC library identifier AU@
System control number 000025621966
035 ## - SYSTEM CONTROL NUMBER
System control number (OCoLC)1758000
040 ## - CATALOGING SOURCE
Original cataloging agency MHS
Language of cataloging eng
Transcribing agency MUL
Modifying agency OCLCQ
-- DLC
-- OCLCQ
-- OCLCF
-- OCLCO
-- EUW
-- OCLCO
-- OCLCQ
-- GZH
-- OCLCL
-- OCLCQ
042 ## - AUTHENTICATION CODE
Authentication code premarc
-- msc
-- premarc
050 00 - LIBRARY OF CONGRESS CALL NUMBER
Classification number QL801
Item number .M5
082 10 - DEWEY DECIMAL CLASSIFICATION NUMBER
Classification number 574
Edition information 11
Real World Object URI https://id.oclc.org/worldcat/ddc/E3McW738XdhQ4VpXdHxrbjfVkp
110 2# - MAIN ENTRY--CORPORATE NAME
Corporate name or jurisdiction name as entry element University of Minnesota.
Subordinate unit Department of Anatomy.
210 0# - ABBREVIATED TITLE
Abbreviated title Contrib. Dep. Anat.
222 #0 - KEY TITLE
Key title Contributions from the Department of Anatomy
245 10 - TITLE STATEMENT
Title Contributions from the Department of Anatomy /
Statement of responsibility, etc. University of Minnesota.
260 ## - PUBLICATION, DISTRIBUTION, ETC.
Place of publication, distribution, etc. Minneapolis [Minn.],
Name of publisher, distributor, etc. University of Minnesota.
300 ## - PHYSICAL DESCRIPTION
Extent 24 volumes
Other physical details illustrations
Dimensions 25 cm
310 ## - CURRENT PUBLICATION FREQUENCY
Current publication frequency Biennial
336 ## - CONTENT TYPE
Content type term text
Content type code txt
Source rdacontent
337 ## - MEDIA TYPE
Media type term unmediated
Media type code n
Source rdamedia
338 ## - CARRIER TYPE
Carrier type term volume
Carrier type code nc
Source rdacarrier
362 0# - DATES OF PUBLICATION AND/OR SEQUENTIAL DESIGNATION
Dates of publication and/or sequential designation v. 1-14; 1909/11-1955/56.
500 ## - GENERAL NOTE
General note At head of title: The University of Minnesota.
500 ## - GENERAL NOTE
General note Reprints, of varying sizes, from medical journals.
650 #0 - SUBJECT ADDED ENTRY--TOPICAL TERM
Topical term or geographic name entry element Anatomy
Form subdivision Periodicals.
650 #2 - SUBJECT ADDED ENTRY--TOPICAL TERM
Topical term or geographic name entry element Anatomy.
650 #7 - SUBJECT ADDED ENTRY--TOPICAL TERM
Topical term or geographic name entry element Anatomy.
Source of heading or term fast
Authority record control number or standard number (OCoLC)fst00808440
655 #7 - INDEX TERM--GENRE/FORM
Genre/form data or focus term Periodicals.
Source of term fast
Authority record control number or standard number (OCoLC)fst01411641
655 #7 - INDEX TERM--GENRE/FORM
Genre/form data or focus term Periodicals.
Source of term rbgenr
776 08 - ADDITIONAL PHYSICAL FORM ENTRY
Relationship information Online version:
Main entry heading University of Minnesota. Department of Anatomy.
Title Contributions from the Department of Anatomy
Record control number (OCoLC)760808295
906 ## - LOCAL DATA ELEMENT F, LDF (RLIN)
a 7
b cbc
c serials
d u
e ncip
f 19
g n-oclcserc
991 ## -
-- c-GenColl
-- QL801
-- .M5
-- SERIALS
991 ## -
-- c-GenColl
-- QL801
-- .M5
-- 00055078579
-- Copy 1
-- 1-2 * 1909 -13
-- CCF
991 ## -
-- c-GenColl
-- QL801
-- .M5
-- 00055078786
-- Copy 1
-- 10 * 1926 -27
-- CCF
991 ## -
-- c-GenColl
-- QL801
-- .M5
-- 0005507866A
-- Copy 1
-- 11 * 1928 -29
-- CCF
991 ## -
-- c-GenColl
-- QL801
-- .M5
-- 00055078701
-- Copy 1
-- 12 * 1930 -31
-- CCF
991 ## -
-- c-GenColl
-- QL801
-- .M5
-- 00055078749
-- Copy 1
-- 13 * 1932 -33
-- CCF
991 ## -
-- c-GenColl
-- QL801
-- .M5
-- 00055078580
-- Copy 1
-- 14 * 1934 -35
-- CCF
991 ## -
-- c-GenColl
-- QL801
-- .M5
-- 00055078622
-- Copy 1
-- 15 * 1936 -37
-- CCF
991 ## -
-- c-GenColl
-- QL801
-- .M5
-- 00055078610
-- Copy 1
-- 3-4 * 1914 -16
-- CCF
991 ## -
-- c-GenColl
-- QL801
-- .M5
-- 0005507849A
-- Copy 1
-- 5-6 * 1917 -19
-- CCF
991 ## -
-- c-GenColl
-- QL801
-- .M5
-- 00055078531
-- Copy 1
-- 7 * 1920 -1921
-- CCF
991 ## -
-- c-GenColl
-- QL801
-- .M5
-- 00055078415
-- Copy 1
-- 8 * 1922 -1923
-- CCF
991 ## -
-- c-GenColl
-- QL801
-- .M5
-- 00055078452
-- Copy 1
-- 9 * 1924 -25
-- CCF
Holdings
Withdrawn status Lost status Damaged status Not for loan Home library Current library Shelving location Date acquired Total checkouts Full call number Barcode Date last seen Price effective from Koha item type
        Riverside Riverside General stacks 22/03/2026   574 LOC-RPL-00071 22/03/2026 22/03/2026 Books